[Event "C.to Regionale Sicilia"]
[Site "Erice ITA"]
[Date "2009.05.31"]
[Round "3"]
[White "Dagnino, Marcello"]
[Black "Piazza, Francesco"]
[Result "1/2-1/2"]
[WhiteElo "1419"]
[BlackElo "1386"]
[PlyCount "109"]
[EventDate "2009.05.30"]

1. e4 e5 2. Nf3 Nc6 3. d4 d6 4. d5 Nb4 5. c3 Na6 6. Bxa6 bxa6 7. Qa4+ Bd7 8.
Qxa6 Nf6 9. Nbd2 g6 10. O-O Bh6 11. Qe2 O-O 12. Nb3 Bxc1 13. Raxc1 a6 14. c4
Bg4 15. h3 Bxf3 16. Qxf3 Rb8 17. Qe3 a5 18. Rc2 a4 19. Nd2 Nh5 20. Nb1 f5 21.
Nc3 fxe4 22. Ne2 Nf6 23. Ng3 Rb7 24. Nxe4 Nxe4 25. Qxe4 Rf4 26. Qe3 Rb4 27. b3
Qg5 28. Rc3 axb3 29. axb3 Rf5 30. Qxg5 Rxg5 31. f4 Rf5 32. fxe5 Rxe5 33. Rcf3
Re8 34. Kf2 Rf8 35. Ke2 Re8+ 36. Kd2 Reb8 37. Kc2 R4b6 38. Re1 Ra6 39. Rg1 c6
40. dxc6 Rxc6 41. Rd3 Rf8 42. Rgd1 Rf6 43. R1d2 Kf7 44. b4 Ke7 45. Kb3 Rf8 46.
Ra2 Ke6 47. g3 Rd8 48. Re3+ Kf7 49. Ra7+ Kf6 50. h4 d5 51. cxd5 Rxd5 52. Rxh7
Rcd6 53. Rc7 Rd4 54. Rc4 Rd1 55. Rf4+ 1/2-1/2

[Event "C.to Regionale Sicilia"]
[Site "Erice ITA"]
[Date "2009.05.31"]
[Round "3"]
[White "Ferrante, Filippo"]
[Black "Montalto, Antonio"]
[Result "1/2-1/2"]
[WhiteElo "1587"]
[BlackElo "1811"]
[PlyCount "107"]
[EventDate "2009.05.30"]

1. Nf3 Nf6 2. c4 c5 3. Nc3 Nc6 4. g3 g6 5. Bg2 Bg7 6. O-O O-O 7. d4 cxd4 8.
Nxd4 Nxd4 9. Qxd4 d6 10. Rb1 a6 11. Bd2 Rb8 12. b3 Bd7 13. Qh4 Bc6 14. Bh6 Bxg2
15. Kxg2 Qc7 16. Bxg7 Kxg7 17. Rfd1 b5 18. Qd4 bxc4 19. bxc4 Rxb1 20. Rxb1 Rc8
21. Rb4 Kg8 22. Nd1 Nd7 23. Qb2 Ne5 24. Ne3 a5 25. Rb7 Qc6+ 26. Kg1 Nxc4 27.
Nxc4 Qxc4 28. Rxe7 Qc1+ 29. Qxc1 Rxc1+ 30. Kg2 Rc2 31. a4 Rc4 32. Rd7 Rxa4 33.
Rxd6 Kf8 34. Kf3 Ke7 35. Rd2 Ra3+ 36. Ke4 f5+ 37. Kd5 a4 38. e4 fxe4 39. Kxe4
Ra1 40. f4 a3 41. f5 a2 42. Re2 gxf5+ 43. Kxf5+ Kd6 44. Kg5 Kd5 45. h4 Kc4 46.
Kh6 Kb3 47. Kxh7 Rg1 48. Re3+ Kb2 49. Re2+ Kb1 50. Rxa2 Kxa2 51. h5 Rxg3 52. h6
Kb3 53. Kh8 Kc4 54. h7 1/2-1/2

[Event "C.to Regionale Sicilia"]
[Site "Erice ITA"]
[Date "2009.05.31"]
[Round "3"]
[White "Fiducioso, Marco"]
[Black "Pantano, Giuseppe"]
[Result "1-0"]
[WhiteElo "2124"]
[BlackElo "1557"]
[PlyCount "109"]
[EventDate "2009.05.30"]

1. e4 d6 2. d4 Nf6 3. Nc3 g6 4. Bg5 Bg7 5. f4 O-O 6. Qd2 c5 7. dxc5 dxc5 8.
O-O-O Qxd2+ 9. Rxd2 Nc6 10. Nf3 Be6 11. Bb5 h6 12. Bxf6 exf6 13. Na4 Rfc8 14.
Nxc5 b6 15. Nxe6 fxe6 16. Rd6 Nb4 17. c3 Rc5 18. Bd7 Bf8 19. Bxe6+ Kh8 20. Rd7
Nc6 21. Bd5 Re8 22. Nh4 Ne7 23. Bf7 Rec8 24. Nxg6+ Nxg6 25. Bxg6 b5 26. Kb1 a5
27. Rd5 b4 28. Rc1 bxc3 29. Rxc5 Rxc5 30. Rxc3 Rxc3 31. bxc3 Bd6 32. g3 Kg7 33.
Be8 Bc5 34. h3 Bg1 35. f5 Bf2 36. g4 Bb6 37. Kc2 Kf8 38. Ba4 Ke7 39. Kd3 Kd6
40. Kc4 Ke5 41. Bc2 Kf4 42. Kd5 Kg3 43. Ke6 Kxh3 44. Bd1 Bd8 45. Kd7 Bb6 46.
Ke7 Kg3 47. Kxf6 Kf4 48. Kg6 Kxe4 49. Kxh6 Be3+ 50. Kg7 Kd3 51. f6 Kxc3 52. f7
Bc5 53. f8=Q Bxf8+ 54. Kxf8 Kb2 55. Bb3 1-0

[Event "C.to Regionale Sicilia"]
[Site "Erice ITA"]
[Date "2009.05.31"]
[Round "3"]
[White "Gangemi, Salvatore"]
[Black "Monaco, Alessandro"]
[Result "1-0"]
[WhiteElo "2100"]
[BlackElo "1599"]
[PlyCount "57"]
[EventDate "2009.05.30"]

1. c4 c5 2. g3 g6 3. Bg2 Bg7 4. Nc3 Nc6 5. Nf3 d6 6. O-O Nf6 7. d3 O-O 8. h3 a6
9. e4 Rb8 10. a4 Re8 11. Bg5 h6 12. Bd2 Nd7 13. Ne1 Nd4 14. Be3 b6 15. Kh2 Nf8
16. f4 f5 17. Nf3 e5 18. fxe5 Nxf3+ 19. Qxf3 Rxe5 20. Bf4 Re8 21. exf5 Bxf5 22.
g4 Be6 23. Ne4 Be5 24. Bxe5 dxe5 25. Nf6+ Kg7 26. Nxe8+ Qxe8 27. Qf6+ Kh7 28.
Qxe5 Nd7 29. Qd6 1-0

[Event "C.to Regionale Sicilia"]
[Site "Erice ITA"]
[Date "2009.05.31"]
[Round "3"]
[White "Giannilivigni, Marco"]
[Black "Valguarnera, Girolamo"]
[Result "0-1"]
[WhiteElo "1431"]
[BlackElo "2127"]
[PlyCount "60"]
[EventDate "2009.05.30"]

1. c4 e5 2. Nc3 Nc6 3. Nf3 Bc5 4. e3 Nf6 5. d4 Bb4 6. Bd2 e4 7. Ng5 d5 8. cxd5
Bxc3 9. Bxc3 Qxd5 10. Nh3 Bxh3 11. gxh3 Ne7 12. Qa4+ c6 13. Rc1 O-O 14. Bb4
Rfe8 15. Rc5 Qd7 16. Qb3 Nfd5 17. Ba3 Rad8 18. Qd1 Qe6 19. Rg1 Ng6 20. Qg4 f5
21. Qg5 b5 22. b3 Rd7 23. h4 f4 24. Ke2 Rf7 25. h5 Nf8 26. h6 Ng6 27. h4 fxe3
28. fxe3 gxh6 29. Qxh6 Qf5 30. Rxc6 Qf2+ 0-1

[Event "C.to Regionale Sicilia"]
[Site "Erice ITA"]
[Date "2009.05.31"]
[Round "3"]
[White "Gigante, Giovanni"]
[Black "Napolitano, Giuseppe"]
[Result "1-0"]
[WhiteElo "1773"]
[BlackElo "1335"]
[PlyCount "57"]
[EventDate "2009.05.30"]

1. e4 e5 2. Nf3 Nc6 3. d4 exd4 4. Bc4 f6 5. O-O Nge7 6. Re1 d6 7. c3 Ne5 8.
Nxe5 dxe5 9. Qb3 Qd6 10. Na3 c6 11. cxd4 b5 12. Bf7+ Kd8 13. dxe5 Qc5 14. exf6
b4 15. Rd1+ Kc7 16. Bf4+ Kb7 17. Bd6 Qa5 18. fxe7 Bxe7 19. Bxe7 Bg4 20. Rd4 Qa6
21. Rxb4+ Kc7 22. Qg3+ Kd7 23. Qxg4+ Kxe7 24. Qe6+ Kf8 25. Qf5 Ke7 26. e5 Qc8
27. e6 Rb8 28. Qc5+ Kd8 29. Qd6+ 1-0

[Event "C.to Regionale Sicilia"]
[Site "Erice ITA"]
[Date "2009.05.31"]
[Round "3"]
[White "Mancuso, Fabrizio"]
[Black "Miles, Raymond"]
[Result "1-0"]
[WhiteElo "1305"]
[BlackElo "1434"]
[PlyCount "121"]
[EventDate "2009.05.30"]

1. e4 c5 2. Nf3 d6 3. d3 Nc6 4. b3 Nf6 5. Bb2 e5 6. Be2 Be7 7. O-O O-O 8. c3 b6
9. d4 Bb7 10. d5 Nb8 11. c4 Nxe4 12. Qd3 Nf6 13. Ng5 Na6 14. Bh5 g6 15. Bf3 Nb4
16. Qd2 b5 17. cxb5 Nfxd5 18. Bc1 Rb8 19. a3 Nc2 20. Qxc2 Bxg5 21. Bb2 Nc7 22.
a4 Bxf3 23. gxf3 Nd5 24. Qe4 Ne7 25. Qg4 Nf5 26. Nc3 f6 27. Nd5 Re8 28. Qc4 Kg7
29. f4 exf4 30. Nxf4 Re7 31. Ne6+ Rxe6 32. Qxe6 a6 33. Rfe1 a5 34. Re4 Kf8 35.
f4 Bh4 36. Kg2 Qe8 37. Qd5 Qf7 38. Qxf7+ Kxf7 39. Kh3 Re8 40. Rxe8 Kxe8 41. b6
Ne7 42. Kxh4 Kd7 43. Bc3 Nd5 44. Bxa5 Kc8 45. Rb1 Nxf4 46. b4 Ne6 47. bxc5 Nxc5
48. Rc1 Kb7 49. Ra1 Ka6 50. Bb4 Kxb6 51. Bxc5+ Kxc5 52. a5 d5 53. a6 d4 54. a7
d3 55. a8=Q Kc4 56. Rc1+ Kd4 57. Rd1 Ke3 58. Qd8 Ke4 59. Qxd3+ Ke5 60. Re1+ Kf4
61. Qe4# 1-0

[Event "C.to Regionale Sicilia"]
[Site "Erice ITA"]
[Date "2009.05.31"]
[Round "3"]
[White "Messina, Damiano"]
[Black "Melograni, Francesco"]
[Result "1-0"]
[WhiteElo "2003"]
[BlackElo "1730"]
[PlyCount "45"]
[EventDate "2009.05.30"]

1. e4 e5 2. Nf3 Nc6 3. Bb5 a6 4. Ba4 Nf6 5. O-O b5 6. Bb3 Be7 7. Re1 O-O 8. c3
d6 9. h3 Na5 10. Bc2 c5 11. d4 Qc7 12. Bg5 Nc6 13. d5 Nb8 14. Nbd2 Ne8 15. Bxe7
Qxe7 16. Nf1 f5 17. exf5 Bxf5 18. Ng3 Bxc2 19. Qxc2 Nd7 20. b3 g6 21. c4 Ng7
22. Qd2 Rf4 23. Qxf4 1-0

[Event "C.to Regionale Sicilia"]
[Site "Erice ITA"]
[Date "2009.05.31"]
[Round "3"]
[White "Pascucci, Marco"]
[Black "Ferrante, Marco"]
[Result "1/2-1/2"]
[WhiteElo "2022"]
[BlackElo "2113"]
[PlyCount "51"]
[EventDate "2009.05.30"]

1. e4 e6 2. d4 d5 3. Nc3 Bb4 4. exd5 exd5 5. Bd3 Nf6 6. a3 Bxc3+ 7. bxc3 Bg4 8.
f3 Be6 9. Ne2 c5 10. Nf4 Qa5 11. Nxe6 fxe6 12. Bd2 c4 13. Be2 Nc6 14. O-O h5
15. Re1 O-O-O 16. Bf1 Rde8 17. a4 h4 18. Rb1 a6 19. Qc1 Re7 20. Qa3 e5 21. dxe5
Rxe5 22. Qb2 Qc5+ 23. Kh1 Re7 24. Be3 Qd6 25. Qb6 Qd7 26. Bf2 1/2-1/2

[Event "C.to Regionale Sicilia"]
[Site "Erice ITA"]
[Date "2009.05.31"]
[Round "3"]
[White "Piazza, Dario"]
[Black "Castelli, Giovanni J."]
[Result "1-0"]
[WhiteElo "1521"]
[BlackElo "1671"]
[PlyCount "87"]
[EventDate "2009.05.30"]

1. e4 e5 2. d4 exd4 3. Nf3 d5 4. Qxd4 dxe4 5. Qxd8+ Kxd8 6. Ng5 Ke8 7. Nxe4 Bf5
8. Bd3 Nc6 9. Bf4 Bxe4 10. Bxe4 Bd6 11. Bxd6 cxd6 12. Nc3 Nf6 13. O-O-O Kd7 14.
Bf5+ Kc7 15. Nb5+ Kb6 16. Nxd6 Rhf8 17. Rhe1 Rad8 18. Nc4+ Kc7 19. Ne3 Nd4 20.
Bd3 Rfe8 21. Nf5 Ne6 22. Bc4 g6 23. Bxe6 Rxd1+ 24. Kxd1 fxe6 25. Ng7 Re7 26.
Nxe6+ Kd6 27. Nd4 Rd7 28. Kc1 Kc5 29. Nb3+ Kc4 30. Nd2+ Kb5 31. Re5+ Ka4 32.
b3+ Kb4 33. Nb1 Rd5 34. a3+ Kc5 35. Rxd5+ Kxd5 36. Nc3+ Kd4 37. Nb5+ Ke4 38.
Nxa7 Kd5 39. f3 Kd4 40. Kd2 h5 41. Nb5+ Kc5 42. Nc3 h4 43. Kd3 g5 44. Ne4+ 1-0

[Event "C.to Regionale Sicilia"]
[Site "Erice ITA"]
[Date "2009.05.31"]
[Round "3"]
[White "Salvaggio, Salvatore"]
[Black "Bertino, Giacomo"]
[Result "0-1"]
[WhiteElo "1760"]
[BlackElo "2027"]
[PlyCount "64"]
[EventDate "2009.05.30"]

1. d4 Nf6 2. c4 e6 3. Nc3 Bb4 4. Bg5 h6 5. Bh4 c5 6. d5 b5 7. Bxf6 Qxf6 8. Rc1
bxc4 9. e4 Qd4 10. Qe2 Ba6 11. Nf3 Qf6 12. a3 Ba5 13. Qe3 d6 14. Be2 Nd7 15.
O-O Rb8 16. Rc2 O-O 17. Qc1 Ne5 18. Nxe5 Qxe5 19. Bf3 Rb3 20. Rd1 Rfb8 21. Rdd2
Bxc3 22. Rxc3 Rxc3 23. bxc3 Rb3 24. Rc2 exd5 25. exd5 Bb7 26. h3 Bxd5 27. Re2
Qf5 28. Re8+ Kh7 29. Bd1 Rb1 30. Qd2 Qd3 31. Qxd3+ cxd3 32. Re1 Bb3 0-1

[Event "C.to Regionale Sicilia"]
[Site "Erice ITA"]
[Date "2009.05.31"]
[Round "3"]
[White "Schinelli, Nicolo'"]
[Black "Guarino, Giuseppe"]
[Result "0-1"]
[WhiteElo "1377"]
[BlackElo "1503"]
[PlyCount "52"]
[EventDate "2009.05.30"]

1. e4 c5 2. Bc4 d6 3. Nf3 Bg4 4. h3 Bxf3 5. Qxf3 Nf6 6. d3 e6 7. Bb5+ Nbd7 8.
O-O Be7 9. Qg3 O-O 10. Nc3 Ne5 11. Bg5 a6 12. Ba4 b5 13. Bb3 Nh5 14. Qh4 Bxg5
15. Qxh5 Nc6 16. a3 Nd4 17. f4 Nxb3 18. cxb3 Bf6 19. f5 Ra7 20. fxe6 fxe6 21.
Rf4 Bd4+ 22. Rf2 Bxf2+ 23. Kh2 Raf7 24. Qe2 Qg5 25. Kh1 Bd4 26. h4 Qxh4# 0-1

[Event "C.to Regionale Sicilia"]
[Site "Erice ITA"]
[Date "2009.05.31"]
[Round "3"]
[White "Tondo, Salvatore"]
[Black "Fontana, Giulio"]
[Result "1/2-1/2"]
[WhiteElo "1905"]
[BlackElo "1545"]
[PlyCount "98"]
[EventDate "2009.05.30"]

1. e4 c5 2. d4 cxd4 3. c3 dxc3 4. Nxc3 Nc6 5. Nf3 e6 6. Bc4 Bb4 7. O-O Bxc3 8.
bxc3 Nge7 9. Bg5 Qc7 10. Qe2 O-O 11. Bh4 Ng6 12. Bg3 Nce5 13. Nxe5 Nxe5 14. Bb3
Qxc3 15. Rac1 Qa5 16. f4 Nc6 17. f5 Nd4 18. Qd3 Nxb3 19. axb3 d5 20. f6 dxe4
21. Qxe4 g6 22. Qe3 Qh5 23. Rc5 e5 24. Rxe5 Bf5 25. Be1 Rad8 26. Rf3 h6 27. h3
Qg5 28. Qf2 Qxf6 29. Ree3 Qb6 30. g4 Bc8 31. Qh4 Rfe8 32. Bf2 Rxe3 33. Bxe3
Rd1+ 34. Kg2 Qc6 35. Qxh6 Rf1 36. Bf2 Be6 37. Qf4 Rd1 38. Kg3 Qd6 39. Qxd6 Rxd6
40. Bxa7 Ra6 41. Bb8 Ra3 42. b4 Rxf3+ 43. Kxf3 b5 44. Ke4 f6 45. Ke3 Kf7 46.
Kf2 g5 47. Kf3 f5 48. gxf5 Bxf5 49. Kg3 Kg6 1/2-1/2

[Event "C.to Regionale Sicilia"]
[Site "Erice ITA"]
[Date "2009.06.01"]
[Round "4"]
[White "Bertino, Giacomo"]
[Black "Bentivegna, Francesco"]
[Result "0-1"]
[WhiteElo "2027"]
[BlackElo "2326"]
[PlyCount "86"]
[EventDate "2009.05.30"]

1. d4 Nf6 2. Nf3 g6 3. Nbd2 d5 4. e3 Bg7 5. c4 O-O 6. Bd3 c5 7. dxc5 Na6 8. O-O
Nxc5 9. Be2 b6 10. Nb3 Nce4 11. Nbd4 Bb7 12. Qb3 Rc8 13. Rd1 Ng4 14. Rf1 e5 15.
Nb5 a6 16. Nc3 dxc4 17. Bxc4 Nxc3 18. bxc3 e4 19. Nd2 Qc7 20. g3 Rfd8 21. Rb1
b5 22. Be2 Ne5 23. c4 Nf3+ 24. Bxf3 exf3 25. h3 Rxd2 26. Bxd2 Qd7 27. Kh2 Qxd2
28. cxb5 axb5 29. Qxb5 Be4 30. Rbd1 Qxa2 31. Kg1 Qe6 32. Qd7 Qxd7 33. Rxd7 Bf5
34. Ra7 Bxh3 35. Rd1 h5 36. Kh2 Be6 37. Kg1 h4 38. gxh4 Rc4 39. Kh2 Be5+ 40.
Kg1 Rg4+ 41. Kh1 Rxh4+ 42. Kg1 Bh2+ 43. Kf1 Bb8 0-1

[Event "C.to Regionale Sicilia"]
[Site "Erice ITA"]
[Date "2009.06.01"]
[Round "4"]
[White "Campo, Renato"]
[Black "Salvaggio, Salvatore"]
[Result "1-0"]
[WhiteElo "2008"]
[BlackElo "1760"]
[PlyCount "105"]
[EventDate "2009.05.30"]

1. e4 c5 2. Na3 d6 3. c3 Nf6 4. g3 g6 5. Bg2 Bg7 6. Ne2 Nc6 7. O-O O-O 8. d4
cxd4 9. cxd4 e5 10. d5 Ne7 11. Bd2 Bd7 12. Nc4 Bb5 13. Qb3 Qd7 14. Nc3 Bxc4 15.
Qxc4 Rfc8 16. Qb5 a6 17. Qb6 Ne8 18. Rac1 Rc7 19. Qa5 Rc5 20. Qa3 b5 21. Be3
Rc4 22. b3 Rcc8 23. Ne2 Qb7 24. Bh3 Rxc1 25. Rxc1 f5 26. f3 Rc8 27. Bg5 Rxc1+
28. Qxc1 Nf6 29. Qc2 Qb6+ 30. Kg2 fxe4 31. fxe4 h6 32. Bd2 Bf8 33. Kf3 Kg7 34.
Qc3 g5 35. Be3 Qb7 36. Be6 Kg6 37. h4 g4+ 38. Kg2 Kg7 39. Qc2 b4 40. Qc4 h5 41.
Nc1 Kg6 42. Nd3 a5 43. Nb2 Bh6 44. Bxh6 Kxh6 45. Qc1+ Kg7 46. Qg5+ Ng6 47. Bf5
Qf7 48. Nc4 Ne8 49. Nxa5 Nc7 50. Nc6 Nb5 51. Nd8 Qf6 52. Ne6+ Kf7 53. Qxh5 1-0

[Event "C.to Regionale Sicilia"]
[Site "Erice ITA"]
[Date "2009.06.01"]
[Round "4"]
[White "Ferrante, Filippo"]
[Black "Giannilivigni, Marco"]
[Result "1/2-1/2"]
[WhiteElo "1587"]
[BlackElo "1431"]
[PlyCount "67"]
[EventDate "2009.05.30"]

1. Nf3 d5 2. d4 Nf6 3. g3 Bf5 4. Bg2 e6 5. O-O Nbd7 6. Nbd2 c5 7. c3 Be4 8.
Nxe4 Nxe4 9. Nd2 Nef6 10. Re1 cxd4 11. cxd4 Nb6 12. b3 Rc8 13. e4 Bb4 14. e5
Nfd7 15. f4 Bc3 16. Rb1 Bxd4+ 17. Kh1 O-O 18. Nf3 Bc5 19. Nh4 Rc6 20. f5 Qc7
21. Qg4 Nxe5 22. Qh5 f6 23. fxe6 Rxe6 24. Nf5 Rfe8 25. Bf4 g6 26. Nh6+ Kg7 27.
Qh4 Bd6 28. Bh3 f5 29. Nxf5+ gxf5 30. Bxf5 d4 31. Bxe5+ Rxe5 32. Qxh7+ Kf8 33.
Qh8+ Kf7 34. Qh7+ 1/2-1/2

[Event "C.to Regionale Sicilia"]
[Site "Erice ITA"]
[Date "2009.06.01"]
[Round "4"]
[White "Ferrante, Marco"]
[Black "Messina, Damiano"]
[Result "1-0"]
[WhiteElo "2113"]
[BlackElo "2003"]
[PlyCount "37"]
[EventDate "2009.05.30"]

1. e4 c5 2. Nf3 e6 3. d4 cxd4 4. Nxd4 a6 5. Nc3 Nc6 6. g3 Qb6 7. Nb3 Nf6 8. Bg2
Be7 9. O-O O-O 10. Be3 Qc7 11. f4 d6 12. a4 b6 13. g4 Nd7 14. g5 f6 15. Bh3 Nc5
16. Nxc5 bxc5 17. f5 e5 18. g6 hxg6 19. fxg6 1-0

[Event "C.to Regionale Sicilia"]
[Site "Erice ITA"]
[Date "2009.06.01"]
[Round "4"]
[White "Fontana, Giulio"]
[Black "Gigante, Giovanni"]
[Result "1-0"]
[WhiteElo "1545"]
[BlackElo "1773"]
[PlyCount "118"]
[EventDate "2009.05.30"]

1. e4 e5 2. Nf3 Nc6 3. Bc4 Bc5 4. d3 Nf6 5. Nc3 O-O 6. Ne2 d5 7. exd5 Na5 8.
Bb5 c6 9. dxc6 Bxf2+ 10. Kxf2 Qb6+ 11. Kf1 Qxb5 12. Qe1 Nxc6 13. Qg3 Qc5 14. h3
Re8 15. Bh6 g6 16. Qg5 Nh5 17. g4 f6 18. Qe3 Qxe3 19. Bxe3 Ng7 20. a3 b6 21.
Kf2 Bb7 22. Rhd1 Rad8 23. b4 Ne6 24. c4 Rd7 25. Rd2 e4 26. dxe4 Rxd2 27. Bxd2
Rd8 28. Be3 Rd3 29. Nf4 Nxf4 30. Bxf4 Nd4 31. Nxd4 Rxd4 32. Bb8 a6 33. Ba7 Rxe4
34. Rd1 Kf7 35. Rd7+ Re7 36. Rxe7+ Kxe7 37. Bxb6 Kd6 38. h4 Bc6 39. Ke3 Bd7 40.
g5 f5 41. Kd4 Bc6 42. Ba7 Ba4 43. Bb8+ Ke6 44. Kc5 Bb3 45. b5 a5 46. b6 Kd7 47.
Kd4 Kc6 48. c5 Bd5 49. Bd6 Bf3 50. Ke5 Kd7 51. Kf6 Ke8 52. Kg7 Bc6 53. Kxh7 Kf7
54. Bf4 Bd5 55. a4 Bc6 56. Bd2 Be4 57. Bxa5 f4 58. Be1 f3 59. a5 59... Ke6 {...
} 1-0

[Event "C.to Regionale Sicilia"]
[Site "Erice ITA"]
[Date "2009.06.01"]
[Round "4"]
[White "Guarino, Giuseppe"]
[Black "Di Via, Saverio"]
[Result "0-1"]
[WhiteElo "1503"]
[BlackElo "1740"]
[PlyCount "90"]
[EventDate "2009.05.30"]

1. e4 c6 2. d4 d5 3. Nc3 dxe4 4. Nxe4 Bf5 5. Ng3 Bg6 6. Nf3 Nd7 7. Bd3 e6 8.
O-O Bd6 9. c3 Qc7 10. a3 Ngf6 11. Re1 Nh5 12. Nf1 Nf4 13. Bxf4 Bxf4 14. Nh4
O-O-O 15. a4 Bxd3 16. Qxd3 g5 17. Nf3 h5 18. b4 h4 19. g3 hxg3 20. fxg3 Ne5 21.
Nxe5 Bxe5 22. Qe4 Bd6 23. Ra2 Rh6 24. Qe3 Rg6 25. Rf2 f5 26. Qe2 Rh8 27. Nd2
Qh7 28. Rg2 Qh3 29. Nf3 f4 30. g4 Rf8 31. Nxg5 Rxg5 32. Qxe6+ Kc7 33. Qe4 Rxg4
34. Rxg4 Qxg4+ 35. Qg2 Qxg2+ 36. Kxg2 Kd7 37. Kf3 Rh8 38. Re2 Rh3+ 39. Kg4 Rxc3
40. Kf5 f3 41. Rf2 Bxb4 42. h4 Bd6 43. h5 Bg3 44. h6 Bxf2 45. h7 Bxd4 0-1

[Event "C.to Regionale Sicilia"]
[Site "Erice ITA"]
[Date "2009.06.01"]
[Round "4"]
[White "Lo Piccolo, Antonino"]
[Black "Gangemi, Salvatore"]
[Result "0-1"]
[WhiteElo "1680"]
[BlackElo "2100"]
[PlyCount "78"]
[EventDate "2009.05.30"]

1. e4 e6 2. d4 d5 3. Nd2 dxe4 4. Nxe4 Nd7 5. Nf3 Ngf6 6. Bg5 Be7 7. Nxf6+ Nxf6
8. Bd3 c5 9. dxc5 Qa5+ 10. c3 Qxc5 11. Qe2 a6 12. O-O Bd7 13. Rad1 Rd8 14. Be3
Qc7 15. h3 Bc6 16. Rfe1 Be4 17. Bxe4 Rxd1 18. Qxd1 Nxe4 19. Qa4+ Qc6 20. Qxc6+
bxc6 21. Bd4 Nf6 22. b4 O-O 23. Ne5 Rc8 24. Nd3 Rd8 25. Nc5 Bxc5 26. Bxc5 Rd3
27. Re3 Rd1+ 28. Kh2 Rd2 29. a4 Nd5 30. Rg3 Rc2 31. Rd3 f6 32. Kg3 Rxc3 33.
Rxc3 Nxc3 34. a5 Ne4+ 35. Kf4 Nxc5 36. bxc5 Kf7 37. g4 e5+ 38. Ke4 Ke6 39. h4
g6 0-1

[Event "C.to Regionale Sicilia"]
[Site "Erice ITA"]
[Date "2009.06.01"]
[Round "4"]
[White "Meli, Massimo"]
[Black "Cerami, Giuseppe"]
[Result "1/2-1/2"]
[WhiteElo "1908"]
[BlackElo "1682"]
[PlyCount "74"]
[EventDate "2009.05.30"]

1. e4 e6 2. d4 d5 3. exd5 exd5 4. Nf3 Bd6 5. Nc3 Nf6 6. Be2 O-O 7. Bg5 c6 8.
O-O Bg4 9. h3 Bh5 10. Re1 Nbd7 11. Ne5 Bxe2 12. Rxe2 Qc7 13. Nxd7 Nxd7 14. Qd2
f6 15. Bh4 Rae8 16. Rae1 Qb8 17. Qd3 Nb6 18. b3 Qd8 19. Nd1 Nc8 20. a4 a5 21.
Qf3 Qd7 22. Qh5 Qf7 23. Qg4 f5 24. Qf3 Re4 25. Bg3 g5 26. Bxd6 Nxd6 27. Qg3 Qf6
28. Nc3 Rxe2 29. Rxe2 Ne4 30. Qd3 h5 31. f3 Ng3 32. Re5 f4 33. Nd1 Rf7 34. c4
Re7 35. Rxe7 Qxe7 36. Qg6+ Qg7 37. Qe6+ Kh7 1/2-1/2

[Event "C.to Regionale Sicilia"]
[Site "Erice ITA"]
[Date "2009.06.01"]
[Round "4"]
[White "Melograni, Francesco"]
[Black "Fiducioso, Marco"]
[Result "0-1"]
[WhiteElo "1730"]
[BlackElo "2124"]
[PlyCount "76"]
[EventDate "2009.05.30"]

1. e4 e6 2. d4 d5 3. Nc3 Bb4 4. e5 c5 5. a3 Bxc3+ 6. bxc3 Nc6 7. Qg4 g6 8. Bd2
Qa5 9. a4 c4 10. h4 h6 11. g3 Bd7 12. Ne2 O-O-O 13. Bg2 Kb8 14. O-O Ka8 15.
Rfb1 Rf8 16. Bc1 Qd8 17. Ba3 Re8 18. Qf4 Rh7 19. Qc1 g5 20. Qb2 Bc8 21. Bd6
Nge7 22. a5 gxh4 23. a6 b6 24. Nf4 Nf5 25. Nxd5 exd5 26. Bxd5 Bd7 27. Qb5 Qc8
28. Bc5 Qc7 29. Bxb6 axb6 30. a7 f6 31. Ra6 Nfe7 32. Bf3 Nc8 33. d5 Rxe5 34.
Qxc4 Rhe7 35. Rb2 Re1+ 36. Kg2 hxg3 37. Qf4 Qxf4 38. dxc6 Bh3+ 0-1

[Event "C.to Regionale Sicilia"]
[Site "Erice ITA"]
[Date "2009.06.01"]
[Round "4"]
[White "Meo, Antonino"]
[Black "Arini, Mario"]
[Result "1/2-1/2"]
[WhiteElo "1434"]
[BlackElo "1639"]
[PlyCount "82"]
[EventDate "2009.05.30"]

1. e4 c5 2. Nf3 a6 3. d4 cxd4 4. Nxd4 Nc6 5. Nc3 e5 6. Nxc6 bxc6 7. Bc4 Nf6 8.
O-O Bc5 9. Bg5 h6 10. Bh4 g5 11. Bg3 d6 12. Kh1 h5 13. f3 h4 14. Bf2 Bxf2 15.
Rxf2 Nh5 16. Rd2 Ke7 17. Ne2 f6 18. Kg1 h3 19. g4 Ng7 20. Ng3 Qc7 21. Qf1 Qb6+
22. Kh1 Qxb2 23. Bb3 Qc3 24. Rd3 Qc5 25. Nh5 Nxh5 26. gxh5 Rxh5 27. Rad1 Ra7
28. Rxd6 Rd7 29. Re6+ Kf8 30. Rxf6+ Kg7 31. Rxd7+ Kxf6 32. Rf7+ Kg6 33. Rc7 Rh8
34. Rxc8 Rxc8 35. Qxh3 Qf2 36. Qf5+ Kh6 37. Qf6+ Kh7 38. Qf5+ Kh6 39. Qf6+ Kh7
40. Qf5+ Kh8 41. Qxc8+ Kh7 1/2-1/2

[Event "C.to Regionale Sicilia"]
[Site "Erice ITA"]
[Date "2009.06.01"]
[Round "4"]
[White "Miles, Raymond"]
[Black "Schinelli, Nicolo'"]
[Result "1/2-1/2"]
[WhiteElo "1434"]
[BlackElo "1377"]
[PlyCount "43"]
[EventDate "2009.05.30"]

1. e4 e5 2. Nf3 Nc6 3. Bb5 Nf6 4. Qe2 Bc5 5. O-O O-O 6. Bxc6 dxc6 7. Nxe5 Qe8
8. Nd3 Nxe4 9. Nxc5 Nxc5 10. Qxe8 Rxe8 11. d4 Nd7 12. Nc3 c5 13. d5 b6 14. Bf4
Ba6 15. Rfe1 Rxe1+ 16. Rxe1 Rc8 17. Re7 Nf6 18. Bxc7 Bc4 19. Be5 Nxd5 20. Nxd5
Bxd5 21. b3 a5 22. c4 1/2-1/2

[Event "C.to Regionale Sicilia"]
[Site "Erice ITA"]
[Date "2009.06.01"]
[Round "4"]
[White "Montalto, Antonio"]
[Black "Piazza, Dario"]
[Result "1-0"]
[WhiteElo "1811"]
[BlackElo "1521"]
[PlyCount "57"]
[EventDate "2009.05.30"]

1. e4 e5 2. Bc4 Nf6 3. d3 Bc5 4. Nf3 d6 5. a4 Bg4 6. c3 a5 7. Qb3 O-O 8. Qxb7
Ra7 9. Qb3 Bxf3 10. gxf3 Nh5 11. Qd1 c6 12. d4 exd4 13. cxd4 Bb4+ 14. Nc3 Re8
15. Be3 Rd7 16. Qe2 d5 17. Bd3 Re6 18. e5 g6 19. h4 Be7 20. O-O-O Bxh4 21. Rdg1
Be7 22. Rxh5 Kh8 23. Rh3 c5 24. Rgh1 h5 25. f4 Bf8 26. f5 Rc6 27. Rxh5+ gxh5
28. Qxh5+ Rh6 29. Bxh6 1-0

[Event "C.to Regionale Sicilia"]
[Site "Erice ITA"]
[Date "2009.06.01"]
[Round "4"]
[White "Napolitano, Giuseppe"]
[Black "Dagnino, Marcello"]
[Result "1/2-1/2"]
[WhiteElo "1335"]
[BlackElo "1419"]
[PlyCount "103"]
[EventDate "2009.05.30"]

1. Nf3 c5 2. g3 g6 3. Bg2 Bg7 4. O-O Nf6 5. Nc3 Nc6 6. d3 O-O 7. Re1 Re8 8. e4
Ng4 9. h3 Nh6 10. Bd2 Kh8 11. a3 d6 12. Rb1 e6 13. Ne2 Ng8 14. Bc3 e5 15. Bd2
h6 16. Be3 Be6 17. Nc3 Nce7 18. b3 Qd7 19. Kh2 b6 20. Rh1 Rac8 21. Kg1 f5 22.
Nd2 Rf8 23. f3 f4 24. Bf2 Nc6 25. Ne2 Qe7 26. c3 Qd7 27. Qf1 Nge7 28. h4 Kg8
29. Bh3 Rf7 30. Bxe6 Qxe6 31. Qh3 Qxh3 32. Rxh3 Rc7 33. Kh1 Nc8 34. Rg1 N6e7
35. c4 Kh7 36. g4 Ng8 37. Nc3 a6 38. g5 h5 39. Nd5 Rcd7 40. Rb1 Nge7 41. b4
Nxd5 42. cxd5 Rb7 43. b5 a5 44. a4 Rbc7 45. Rc1 Ra7 46. Kg2 Rf8 47. Rhh1 Re8
48. Rc4 Rd7 49. Nb3 Red8 50. Rd1 Bh8 51. Rdc1 Bg7 52. Rd1 1/2-1/2

[Event "C.to Regionale Sicilia"]
[Site "Erice ITA"]
[Date "2009.06.01"]
[Round "4"]
[White "Pantano, Giuseppe"]
[Black "Monaco, Alessandro"]
[Result "0-1"]
[WhiteElo "1557"]
[BlackElo "1599"]
[PlyCount "82"]
[EventDate "2009.05.30"]

1. d4 Nf6 2. Bg5 e6 3. e3 d5 4. Bd3 Nbd7 5. f4 h6 6. Bxf6 Nxf6 7. Nd2 c5 8. c3
Bd7 9. Ngf3 c4 10. Bc2 b5 11. a3 a5 12. O-O Be7 13. Ne5 b4 14. axb4 axb4 15.
Nxd7 Nxd7 16. Rxa8 Qxa8 17. Ba4 b3 18. Bxd7+ Kxd7 19. Qa1 Kc7 20. e4 Rb8 21.
exd5 exd5 22. Re1 Bd6 23. g3 Qa2 24. Kf2 Ra8 25. Qxa2 Rxa2 26. Rb1 Ba3 27. bxa3
Rxd2+ 28. Ke3 Rc2 29. a4 Rxc3+ 30. Kd2 Rc2+ 31. Kd1 Ra2 32. Kc1 Kb6 33. Rb2
Ra1+ 34. Rb1 Rxb1+ 35. Kxb1 Ka5 36. Kb2 Kxa4 37. g4 Kb4 38. h3 c3+ 39. Kc1 Ka3
40. Kb1 c2+ 41. Kc1 Ka2 0-1